Elden Ring bosses who killed players the most - Statistiques

Statistiques générales
  • Ce quiz a été pris 17 fois
  • Le résultat moyen est 3 sur 5
Statistiques - réponses
hint Réponse % Correct
329 million Malenia, Blade of Miquella
93%
281 million Margit, The fell Omen
80%
148 million Radagon of the golden order
53%
139 million Starscourge radahn
47%
277 million limbgrave three sentinel
0%
Aucun quiz correspondant
Distribution des résultats
% des personnes avec chaque résultat
Percentile par nombre de réponses
Votre historique - résultats
Vous n’avez pas pris ce quiz